000 00474nam a2200169 i 4500
001 41959
003 ES-MaACL
005 20230906160525.0
007 t|
008 030312s1965 sp ||||1| spa d
100 1 _aCasas Cadilla, Rogelio.
_936215
245 1 0 _aPrestigio da riqueza /
_cRogelio Casas Cadilla.
250 _a4ª ed.
260 _aMadrid :
_b[s.n.],
_c1965 (
_fEstades Artes Gráficas)
300 _a48 p. ;
_c12 cm.
852 _aES-MaACL
_j2051-F-3
_bR.56022
999 _c41959
_d41959